[Event "ROM-ch U10"]
[Site "Calimanesti Caciulata"]
[Date "2016.04.21"]
[Round "5"]
[White "Dumitru, Luca Serban"]
[Black "Marina, Matei Octavian"]
[Result "1-0"]
[WhiteElo "1417"]
[BlackElo "1527"]
[PlyCount "51"]
[EventDate "2016.04.18"]
[EventType "swiss"]
[EventRounds "9"]
[EventCountry "ROU"]
[SourceTitle "CBM 172 Extra"]
[Source "ChessBase"]
[SourceDate "2016.06.21"]
[SourceVersion "1"]
[SourceVersionDate "2016.06.21"]
[SourceQuality "1"]

1. e4 c5 2. Nc3 Nc6 3. Bb5 g6 4. Bxc6 bxc6 5. d3 d5 6. f4 Bg7 7. Nf3 e6 8. Qe2 Ne7 9. Bd2 Rb8 10. Rb1 Ba6 11. Qf2 d4 12. Ne2 h6 13. 0-0 0-0 14. b3 f5 15. Ng3 Re8 16. Rfe1 Kh7 17. Kh1 Nc8 18. exf5 exf5 19. Rxe8 Qxe8 20. Re1 Qf7 21. Ne5 Bxe5 22. Rxe5 Qf8 23. Qe1 Rb7 24. Re8 Qf7 25. Qe5 Re7 26. Rh8# 1-0

[Event "ROM-ch U10"]
[Site "Calimanesti"]
[Date "2015.04.05"]
[Round "8"]
[White "Marina, Matei Octavian"]
[Black "Nedelcu, Teodor Cosmin"]
[Result "1/2-1/2"]
[WhiteElo "1359"]
[BlackElo "1491"]
[PlyCount "67"]
[EventDate "2015.03.30"]
[EventType "swiss"]
[EventRounds "9"]
[EventCountry "ROU"]
[SourceTitle "CBM 165 Extra"]
[Source "ChessBase"]
[SourceDate "2015.04.21"]
[SourceVersion "1"]
[SourceVersionDate "2015.04.21"]
[SourceQuality "1"]

1. e4 c5 2. Nf3 d6 3. Bb5+ Bd7 4. Bxd7+ Nxd7 5. 0-0 e6 6. c4 Be7 7. Nc3 Ngf6 8. d4 cxd4 9. Nxd4 g6 10. f4 0-0 11. Be3 Rc8 12. Qb3 Qc7 13. Rad1 b6 14. Na4 Nxe4 15. Ne2 Nec5 16. Nxc5 bxc5 17. Qc2 Rb8 18. b3 Nf6 19. Nc3 Qb7 20. Rd2 Ng4 21. Bf2 Rfd8 22. h3 Nxf2 23. Rfxf2 Bf6 24. Rf1 Bxc3 25. Qxc3 Rd7 26. Rfd1 Rbd8 27. Qa5 h6 28. Kh2 Qc6 29. Kg1 d5 30. cxd5 Rxd5 31. Qxd8+ Rxd8 32. Rxd8+ Kh7 33. R1d7 Kg7 34. f5 1/2-1/2

[Event "ROM-ch U08"]
[Site "Calimanesti"]
[Date "2014.04.13"]
[Round "9"]
[White "Marina, Matei Octavian"]
[Black "Coman, Gabriel Flavius"]
[Result "1-0"]
[WhiteElo "1126"]
[BlackElo "1014"]
[PlyCount "99"]
[EventDate "2014.04.06"]
[EventType "swiss"]
[EventRounds "9"]
[EventCountry "ROU"]
[SourceTitle "CBM 160 Extra"]
[Source "ChessBase"]
[SourceDate "2014.07.01"]
[SourceVersion "1"]
[SourceVersionDate "2014.07.01"]
[SourceQuality "1"]

1. e4 e5 2. Nf3 Nc6 3. d4 exd4 4. Bc4 d6 5. Nxd4 Nxd4 6. Qxd4 Bd7 7. Nc3 c5 8. Qd3 Nf6 9. Bf4 Bc6 10. 0-0-0 Ng4 11. Bg3 Qd7 12. f3 Ne5 13. Bxe5 dxe5 14. Qxd7+ Bxd7 15. Rhe1 0-0-0 16. Bxf7 Be7 17. Bb3 Bg5+ 18. Kb1 Bf6 19. Nd5 Rhf8 20. Nxf6 gxf6 21. c3 f5 22. exf5 Bxf5+ 23. Bc2 Rxd1+ 24. Rxd1 Bxc2+ 25. Kxc2 Rg8 26. g3 Rf8 27. Rf1 e4 28. f4 Rd8 29. Re1 Re8 30. f5 Re5 31. g4 h5 32. h3 Kd7 33. Kd2 Ke7 34. Ke3 Kf6 35. Kf4 hxg4 36. hxg4 Re8 37. Rxe4 Rxe4+ 38. Kxe4 b6 39. g5+ Kxg5 40. Ke5 Kh6 41. Ke6 Kg7 42. Ke7 Kg8 43. f6 a5 44. f7+ Kh7 45. f8Q b5 46. Qf5+ Kh6 47. Qg4 b4 48. Kf6 bxc3 49. Qg5+ Kh7 50. Qg7# 1-0

[Event "ROM-ch U08"]
[Site "Calimanesti"]
[Date "2014.04.07"]
[Round "2"]
[White "Mainescu, Andrei Cristian"]
[Black "Marina, Matei Octavian"]
[Result "1-0"]
[WhiteElo "1261"]
[BlackElo "1126"]
[PlyCount "69"]
[EventDate "2014.04.06"]
[EventType "swiss"]
[EventRounds "9"]
[EventCountry "ROU"]
[SourceTitle "CBM 160 Extra"]
[Source "ChessBase"]
[SourceDate "2014.07.01"]
[SourceVersion "1"]
[SourceVersionDate "2014.07.01"]
[SourceQuality "1"]

1. d4 d5 2. c4 e6 3. Nf3 Nf6 4. Nc3 Be7 5. e3 Nc6 6. Be2 0-0 7. 0-0 Bd6 8. c5 Be7 9. a3 b6 10. Bb5 Bb7 11. Bxc6 Bxc6 12. Ne5 Bb7 13. c6 Bc8 14. b4 Bd6 15. a4 Bxe5 16. dxe5 Ne4 17. Bb2 Nxc3 18. Bxc3 a5 19. b5 Re8 20. f3 Qe7 21. Rf2 Qc5 22. Bd4 Qe7 23. g4 f6 24. exf6 gxf6 25. f4 h6 26. Qf3 e5 27. fxe5 fxe5 28. Qxd5+ Kh8 29. Rf7 Qe6 30. Qxe6 Bxe6 31. Bxe5+ Kg8 32. Rxc7 Bxg4 33. Rg7+ Kf8 34. Rf1+ Bf5 35. Rxf5# 1-0